Implicaciones culturales de la globalización

Guardat en:
Dades bibliogràfiques
Format: Text
Matèries:
Etiquetes: Afegir etiqueta
Sense etiquetes, Sigues el primer a etiquetar aquest registre!

MARC

LEADER 00000 a a2200000 04500
001 6812
003
040
245 |a Implicaciones culturales de la globalización  
650 |a GLOBALIZACION  
650 |a CULTURA  
773 |g volumen 28, número 1244; páginas 2-3  
999 |c 29903  |d 29903